Mécanique, électricité et constrution appliquées aux appareils de levage /

Guardado en:
Autor Principal: Rousselet, Louis.
Formato: Libro
Idioma:French
Publicado: Paris : Dunod, 1921.
Edición:2. ed.
Etiquetas: Agregar Etiqueta
Sin Etiquetas, Sea el primero en etiquetar este registro!
LEADER 00507nam a22001575a 4500
001 EUN.um033751
003 AR-BaUNS
005 20050623122907.0
008 041125s1921####fr#a##########000#0#fre#d
245 1 0 |a Mécanique, électricité et constrution appliquées aux appareils de levage /  |c Louis Rousselet. 
260 |a Paris :  |b Dunod,  |c 1921. 
300 |a 3 v. :  |b ilus. ;  |c 27 cm. 
100 1 |a Rousselet, Louis. 
082 0 4 |a 621.87 
250 |a 2. ed. 
859 |a Ar-BaUNS  |b BIB. CENTRAL - Sector C  |h 621.87  |i R763a2  |p 3153/958  |v v.1